| 000 | 00683nam a22002057a 4500 | ||
|---|---|---|---|
| 003 | NUST | ||
| 005 | 20240119104001.0 | ||
| 008 | 190626b ||||| |||| 00| 0 eng d | ||
| 038 | _aMr. Zahoor | ||
| 082 | _a620.1 | ||
| 100 |
_aHafiz Ahmad Bilal _915592 |
||
| 245 |
_aProduction Management Using Lean Principle (OBEYA)/ _cHafiz Ahmad Bilal |
||
| 260 |
_aslamabad: _bSMME -NUST _c2015. |
||
| 300 |
_avii, 62p. : ill. ; _c30cm |
||
| 500 | _aHardcover. | ||
| 600 |
_2Mechanical Engineering - MS Thesis _aHafiz Ahmad Bilal _915592 |
||
| 700 |
_aSupervisor : Dr. Shahid Ikramullah Butt _9119623 |
||
| 856 | _uhttp://10.250.8.41:8080/xmlui/handle/123456789/12694 | ||
| 942 |
_2ddc _cTHE |
||
| 999 |
_c524801 _d524801 |
||